Reflection on The First Decade of Multi- Party in Tanzania (Record no. 5479)

MARC details
005 - DATE AND TIME OF LATEST TRANSACTION
control field 20250627041741.0
020 ## - INTERNATIONAL STANDARD BOOK NUMBER
International Standard Book Number 9987-9092-1-3
082 ## - DEWEY DECIMAL CLASSIFICATION NUMBER
Classification number 320.9676 MSE
100 ## - MAIN ENTRY--PERSONAL NAME
Author name MSEKWA, P
245 ## - TITLE STATEMENT
Title Reflection on The First Decade of Multi- Party in Tanzania
260 ## - PUBLICATION, DISTRIBUTION, ETC.
Place of publication, distribution, etc. Dar Es Salaam
Name of publisher, distributor, etc. Hanns Seidel Foundation
Date of publication, distribution, etc. 2006.
300 ## - PHYSICAL DESCRIPTION
Extent xiv,334p.
942 ## - ADDED ENTRY ELEMENTS (KOHA)
Source of classification or shelving scheme Dewey Decimal Classification
Koha item type Books
Holdings
Date last seen Total checkouts Full call number Barcode Price effective from Koha item type Lost status Source of classification or shelving scheme Damaged status Not for loan Withdrawn status Home library Current library Shelving location Date acquired Source of acquisition
06/27/2025   320.9676 MSE MZA0002335 06/27/2025 Books   Dewey Decimal Classification       CBE Mwanza CBE Mwanza General Collection 05/17/2024 Donation from TLSB